000 00832cab a2200241 4500
001 ABS51159
008 090401t1994 xxu||||| |||| 00| 0 eng d
035 _a(Sirsi) u13291
041 _aeng
100 _aCrosby, N.
245 _aDiscounted cash flow techniques: worth or price?
260 _c1994
350 _a0
490 _aEstates Gazette
_v(9427) 9 July 1994, 123-125(3)
520 _aEmphasises that valuers need to understand the limitations of DCF valuation models before attempting to use them. Examines factors on short-cut DCF, pricing valuations and worth calculations, and limitations of growth- explicit DCF models.
650 _aDCF
650 _aDISCOUNTED CASH FLOW
650 _aSHORT-CUT DCF
650 _aVALUATION METHODS
690 _aRATING AND VALUATION
942 _n0
948 _c04/03/1997
999 _c8561
_d8561